Logo BPK

Biblioteka

Politechniki Koszalińskiej

VII konferencja Systemy Czasu Rzeczywistego : (Rekord nr 42850)

Szczegóły MARC
000 -ETYKIETA REKORDU
podpole kontrolne o stałej długości 00980nam a2200265 i 4500
001 - NUMER KONTROLNY REKORDU
pole kontrolne bg
020 ## - MIĘDZYNARODOWY ZNORMALIZOWANY NUMER KSIĄŻKI - ISBN
ISBN 8391425711
040 ## - ŹRÓDŁO KATALOGOWANIA
Instytucja, która utworzyła rekord BPK
041 0# - KOD JĘZYKA
Kod języka tekstu pol
Kod języka streszczenia lub abstraktu eng
080 ## - UNIWERSALNA KLASYFIKACJA DZIESIĘTNA - UKD
UKD 004.031.43(061)
920 ## - Międzynarodowy znormalizowany numer książki – ISBN
ISBN 83-914257-1-1
008 - POLE O STAŁEJ DŁUGOŚCI - DANE KONTROLNE
podpole kontrolne o stałej długości s pl f |000 0 pol
111 2# - NAZWA IMPREZY
Nazwa imprezy Konferencja Systemy Czasu Rzeczywistego
Oznaczenie części/sekcji/imprezy (7 ;
Data imprezy 2000 ;
Miejsce imprezy Kraków).
245 04 - TYTUŁ/ODPOWIEDZIALNOŚĆ
Tytuł VII konferencja Systemy Czasu Rzeczywistego :
Ciąg dalszy tytułu Kraków, 25-28 września 2000 : wykłady zaproszone /
Pozostałe elementy strefy tytułu i oznaczenia odpowiedzialności red. Tomasz Szmuc.
246 14 - WARIANT TYTUŁU
Tytuł Systemy Czasu Rzeczywistego 2000
260 ## - STREFA ADRESU WYDAWNICZEGO
Miejsce wydania Kraków :
Nazwa wydawcy/dystrybutora Katedra Automatyki Akademii Górniczo-Hutniczej,
Data publikacji, dystrybucji/powstania dokumentu 2001.
300 ## - STREFA OPISU FIZYCZNEGO
Objętość 152 s. :
Inne cechy fizyczne il. ;
Rozmiary 24 cm.
500 ## - UWAGI OGÓLNE
Tekst uwagi Tyt. okł. i grzbiet.: Systemy Czasu Rzeczywistego 2000. - Streszcz. ang.
504 ## - UWAGA DOTYCZĄCA BIBLIOGRAFII
Informacje o bibliografii Bibliogr.
650 #9 - HASŁO PRZEDMIOTOWE W FORMIE NAZWY OGÓLNEJ LUB JEDNOSTKOWEJ
Nazwa ogólna lub geograficzna Przetwarzanie danych w czasie rzeczywistym
650 #9 - HASŁO PRZEDMIOTOWE W FORMIE NAZWY OGÓLNEJ LUB JEDNOSTKOWEJ
Nazwa ogólna lub geograficzna Systemy informatyczne
Określnik ogólny stosowanie
-- przemysł
655 ## - TERMIN INDEKSOWY - OKREŚLENIE RODZAJU/FORMY DOKUMENTU
Określenie rodzaju/formy dokumentu Materiały konferencyjne
700 1# - HASŁO DODATKOWE - NAZWA OSOBOWA
Nazwa osobowa Szmuc, Tomasz.
Określenie związku między hasłem a opisywanym materiałem Red.
856 ## - LOKALIZACJA I DOSTĘP DO ELEKTRONICZNYCH DOKUMENTÓW ZDALNYCH
Link (URL) http://koha.tu.koszalin.pl/cgi-bin/koha/opac-detail.pl?biblionumber=42850
Tekst linku Katalog online BPK
942 ## - DODATKOWE ELEMENTY (KOHA)
Typ dokumentu Książka
Egzemplarze
Wycofany Status egzemplarza Uszkodzony Dostępność Lokalizacja stała Lokalizacja bieżąca Miejsce przechowywania Sygnatura Kod kreskowy Typ dokumentu
      Dostępny Biblioteka Politechniki Koszalińskiej Biblioteka Politechniki Koszalińskiej Wypożyczalnia BG 67568 01913583 Książka
© 2023 Biblioteka Politechniki Koszalińskiej :: KOHA